[Event "GER-ch Net Amateur Gr-B Vor3"]
[Site "Playchess.com INT"]
[Date "2020.04.16"]
[Round "7"]
[White "Schmidt, David"]
[Black "Weber, Michael"]
[Result "0-1"]
[WhiteElo "1679"]
[BlackElo "1588"]
[PlyCount "64"]
[EventDate "2020.04.16"]
[EventType "swiss (blitz)"]
[EventRounds "9"]
[EventCountry "GER"]
[SourceTitle "CBM 195 Extra"]
[Source "ChessBase"]
[SourceDate "2020.05.31"]
[SourceVersion "1"]
[SourceVersionDate "2020.05.31"]
[SourceQuality "1"]

1. d4 d5 2. Bf4 Nf6 3. e3 Bf5 4. c4 c6 5. Qb3 Qb6 6. c5 Qxb3 7. axb3 Nbd7 8. b4 Nh5 9. Bg3 Nxg3 10. hxg3 h6 11. Nc3 e5 12. Nf3 exd4 13. Nxd4 Be6 14. f4 Nf6 15. Bd3 Ng4 16. Ke2 Be7 17. Ra2 a6 18. Na4 Bd8 19. Nb3 d4 20. Bc2 Nxe3 21. Kd2 Nxc2 22. Kxc2 d3+ 23. Kxd3 Bxb3 24. Ra3 Bxa4 25. Rxa4 Bf6 26. Re1+ Kd7 27. Re2 Rhe8 28. Rxe8 Rxe8 29. b3 Kc7 30. Ra2 Rd8+ 31. Ke3 Rd4 32. b5 axb5 0-1

[Event "GER-ch Net Amateur Gr-B Vor2"]
[Site "Playchess.com INT"]
[Date "2020.04.15"]
[Round "6"]
[White "Mueller, Ansgar"]
[Black "Schmidt, David"]
[Result "0-1"]
[WhiteElo "1511"]
[BlackElo "1627"]
[PlyCount "62"]
[EventDate "2020.04.15"]
[EventType "swiss (blitz)"]
[EventRounds "9"]
[EventCountry "GER"]
[SourceTitle "CBM 196 Extra"]
[Source "ChessBase"]
[SourceDate "2020.07.31"]
[SourceVersion "1"]
[SourceVersionDate "2020.07.31"]
[SourceQuality "1"]

1. d4 Nf6 2. c4 e6 3. Nc3 Bb4 4. a3 Bxc3+ 5. bxc3 0-0 6. Bf4 b6 7. Nf3 Bb7 8. e3 d6 9. Bd3 c5 10. 0-0 Ne4 11. Qc2 f5 12. Nd2 Nxd2 13. Qxd2 Qe7 14. Rfe1 e5 15. dxe5 dxe5 16. Bg3 e4 17. Bc2 Rd8 18. Qe2 Nc6 19. Rad1 Na5 20. Rd2 Rxd2 21. Qxd2 Rd8 22. Qe2 Ba6 23. Ba4 Bxc4 24. Qb2 Rd3 25. Bc2 Rd2 26. Qc1 Qd8 27. h3 Bb3 28. Bxb3+ Nxb3 29. Qb1 c4 30. f3 Qg5 31. Bf4 Qxg2# 0-1

[Event "GER-ch Net Amateur Gr-B Vor2"]
[Site "Playchess.com INT"]
[Date "2020.04.15"]
[Round "5"]
[White "Schmidt, David"]
[Black "Skoerys, Michael"]
[Result "1/2-1/2"]
[WhiteElo "1631"]
[BlackElo "1597"]
[PlyCount "76"]
[EventDate "2020.04.15"]
[EventType "swiss (blitz)"]
[EventRounds "9"]
[EventCountry "GER"]
[SourceTitle "CBM 196 Extra"]
[Source "ChessBase"]
[SourceDate "2020.07.31"]
[SourceVersion "1"]
[SourceVersionDate "2020.07.31"]
[SourceQuality "1"]

1. d4 d5 2. Bf4 Nf6 3. e3 e6 4. Nd2 c6 5. c3 Be7 6. Bd3 Nbd7 7. Ngf3 b6 8. Ne5 Bb7 9. Ndf3 0-0 10. Nxd7 Nxd7 11. h3 g6 12. Qe2 c5 13. Bh6 Re8 14. Bb5 a6 15. Bxd7 Qxd7 16. Ne5 Qb5 17. Rb1 Qxe2+ 18. Kxe2 cxd4 19. exd4 Rac8 20. h4 f6 21. Nf3 Kf7 22. Bd2 a5 23. g4 Bd6 24. Rhe1 e5 25. dxe5 Bxe5 26. Be3 Bf4 27. Nd4 Bxe3 28. fxe3 Re4 29. Rg1 Rce8 30. Rg3 Ba6+ 31. Kd2 Bc8 32. Rbg1 Bd7 33. h5 g5 34. a3 h6 35. Kd3 Kf8 36. Kd2 Kf7 37. Kd3 Bc8 38. Kd2 Bd7 1/2-1/2

[Event "GER-ch Net Amateur Gr-B Vor2"]
[Site "Playchess.com INT"]
[Date "2020.04.15"]
[Round "7"]
[White "Unbehend, Marius"]
[Black "Schmidt, David"]
[Result "1/2-1/2"]
[WhiteElo "1552"]
[BlackElo "1653"]
[PlyCount "27"]
[EventDate "2020.04.15"]
[EventType "swiss (blitz)"]
[EventRounds "9"]
[EventCountry "GER"]
[SourceTitle "CBM 196 Extra"]
[Source "ChessBase"]
[SourceDate "2020.07.31"]
[SourceVersion "1"]
[SourceVersionDate "2020.07.31"]
[SourceQuality "1"]

1. e4 c5 2. d4 cxd4 3. c3 dxc3 4. Nxc3 e6 5. Bc4 Nc6 6. Nf3 a6 7. e5 b5 8. Bb3 Na5 9. Bc2 Nc4 10. Be4 Rb8 11. b3 Na5 12. Be3 Bb4 13. Rc1 Ne7 14. Ba7 1/2-1/2

[Event "GER-ch Net Amateur Gr-B Vor1"]
[Site "Playchess.com INT"]
[Date "2020.04.14"]
[Round "5"]
[White "Schmidt, David"]
[Black "Bieler, Janek"]
[Result "0-1"]
[WhiteElo "1869"]
[BlackElo "1812"]
[PlyCount "30"]
[EventDate "2020.04.14"]
[EventType "swiss (blitz)"]
[EventRounds "9"]
[EventCountry "GER"]
[SourceTitle "EXT 2021"]
[Source "ChessBase"]
[SourceDate "2020.10.23"]
[SourceVersion "1"]
[SourceVersionDate "2020.10.23"]
[SourceQuality "1"]

1. d4 c6 2. c3 d5 3. Bf4 Nf6 4. e3 e6 5. Nd2 Nbd7 6. Bd3 b6 7. Ngf3 Bb7 8. Ne5 Be7 9. 0-0 0-0 10. h3 Nxe5 11. dxe5 Nd7 12. Bxh7+ Kxh7 13. Qh5+ Kg8 14. Nf3 Qe8 15. Bg5 f6 0-1

[Event "GER-ch Net Amateur Gr-B Vor1"]
[Site "Playchess.com INT"]
[Date "2020.04.14"]
[Round "1"]
[White "Schmidt, David"]
[Black "Sondermann, Dirk"]
[Result "1-0"]
[WhiteElo "1620"]
[BlackElo "1773"]
[PlyCount "23"]
[EventDate "2020.04.14"]
[EventType "swiss (blitz)"]
[EventRounds "9"]
[EventCountry "GER"]
[SourceTitle "EXT 2021"]
[Source "ChessBase"]
[SourceDate "2020.10.23"]
[SourceVersion "1"]
[SourceVersionDate "2020.10.23"]
[SourceQuality "1"]

1. d4 f5 2. g3 Nf6 3. Bg2 d6 4. Bg5 Nbd7 5. Nh3 g6 6. 0-0 Bg7 7. Nf4 Nb8 8. c3 0-0 9. Qb3+ Rf7 10. Bd5 e6 11. Nxe6 Nxd5 12. Nxd8 1-0

[Event "Berlin Lichtenberger op 16th"]
[Site "Berlin"]
[Date "2017.08.26"]
[Round "8"]
[White "Schmidt, David"]
[Black "Korell, Klaus Peter"]
[Result "0-1"]
[WhiteElo "1917"]
[BlackElo "1852"]
[PlyCount "76"]
[EventDate "2017.08.19"]
[EventType "swiss"]
[EventRounds "9"]
[EventCountry "GER"]
[SourceTitle "CBM 180 Extra"]
[Source "ChessBase"]
[SourceDate "2017.10.06"]
[SourceVersion "1"]
[SourceVersionDate "2017.10.06"]
[SourceQuality "1"]

1. d4 d5 2. Bf4 Nf6 3. e3 c5 4. c3 Nc6 5. Nd2 Qb6 6. Qb3 c4 7. Qc2 g6 8. f3 Nh5 9. Ne2 Bg7 10. g4 Nxf4 11. Nxf4 e6 12. h4 h6 13. b3 cxb3 14. axb3 Bd7 15. Bd3 Ne7 16. 0-0 e5 17. Ng2 0-0 18. Rac1 Rac8 19. Qb1 Rc7 20. Kh1 Rfc8 21. dxe5 Bxe5 22. c4 Qb4 23. Rf2 b5 24. Qa2 Be6 25. f4 Bc3 26. f5 Bd7 27. fxg6 fxg6 28. Nb1 Be5 29. Rcf1 bxc4 30. bxc4 dxc4 31. Be4 Be6 32. Nf4 Bf7 33. Qc2 Kg7 34. h5 g5 35. Nd5 Nxd5 36. Rxf7+ Rxf7 37. Rxf7+ Kxf7 38. Qf2+ Nf6 0-1

[Event "Berlin Lichtenberger op 16th"]
[Site "Berlin"]
[Date "2017.08.25"]
[Round "7"]
[White "Teichert, Felix"]
[Black "Schmidt, David"]
[Result "1-0"]
[WhiteElo "1973"]
[BlackElo "1917"]
[PlyCount "103"]
[EventDate "2017.08.19"]
[EventType "swiss"]
[EventRounds "9"]
[EventCountry "GER"]
[SourceTitle "CBM 180 Extra"]
[Source "ChessBase"]
[SourceDate "2017.10.06"]
[SourceVersion "1"]
[SourceVersionDate "2017.10.06"]
[SourceQuality "1"]

1. c4 c5 2. g3 g6 3. Bg2 Bg7 4. Nc3 Nc6 5. e3 d6 6. Nge2 e6 7. 0-0 Nge7 8. d4 cxd4 9. exd4 0-0 10. b3 a6 11. Bb2 Rb8 12. Qd2 b6 13. d5 exd5 14. Nxd5 Nxd5 15. Bxg7 Kxg7 16. Qxd5 Ne7 17. Qd4+ Kg8 18. Nf4 Nf5 19. Qb2 Be6 20. Rad1 Qc7 21. Rfe1 Rfe8 22. Re2 Re7 23. Rde1 Rbe8 24. Qf6 Qd7 25. g4 Nh6 26. h3 Kf8 27. Qh8+ Ng8 28. Qxh7 g5 29. Nxe6+ Rxe6 30. Qd3 Rxe2 31. Rxe2 Rxe2 32. Qxe2 Qe6 33. Qxe6 fxe6 34. Kh2 Ne7 35. Be4 d5 36. cxd5 exd5 37. Bg2 Kf7 38. Kg3 Kf6 39. f4 gxf4+ 40. Kxf4 Ng6+ 41. Kg3 Ke5 42. h4 d4 43. h5 Nf4 44. h6 d3 45. h7 Ng6 46. Kf2 Kd4 47. Ke1 Kc3 48. Kd1 Kb2 49. Be4 Nh8 50. Bxd3 Kxa2 51. Kc2 a5 52. g5 1-0

[Event "Berlin Lichtenberger op 13th"]
[Site "Berlin"]
[Date "2014.08.23"]
[Round "8"]
[White "Krusemark, Gerhard"]
[Black "Schmidt, David"]
[Result "0-1"]
[WhiteElo "1755"]
[BlackElo "1981"]
[PlyCount "70"]
[EventDate "2014.08.16"]
[EventType "swiss"]
[EventRounds "9"]
[EventCountry "GER"]
[SourceTitle "CBM 161 Extra"]
[Source "ChessBase"]
[SourceDate "2014.08.29"]
[SourceVersion "1"]
[SourceVersionDate "2014.08.29"]
[SourceQuality "1"]

1. e4 c5 2. c3 d5 3. exd5 Nf6 4. c4 e6 5. dxe6 Bxe6 6. d3 Nc6 7. Nf3 Bd6 8. Nc3 0-0 9. Be2 h6 10. 0-0 a6 11. a3 Qc7 12. g3 Rad8 13. Be3 Ng4 14. Ne4 Nxe3 15. fxe3 f5 16. Nc3 g5 17. Qe1 Ne5 18. Nxe5 Bxe5 19. Rd1 Qg7 20. Bf3 f4 21. d4 cxd4 22. Bd5 Bxd5 23. Nxd5 fxe3 24. Qe2 Rxf1+ 25. Rxf1 Rf8 26. b4 Rxf1+ 27. Qxf1 Qf7 28. Qxf7+ Kxf7 29. Kf1 Ke6 30. Ke2 b5 31. Nb6 bxc4 32. Nxc4 Bc7 33. Nb2 Kf5 34. Kf3 h5 35. h3 g4+ 0-1

[Event "Berlin Lichtenberger op 13th"]
[Site "Berlin"]
[Date "2014.08.19"]
[Round "4"]
[White "Herrmann, Eberhard"]
[Black "Schmidt, David"]
[Result "0-1"]
[WhiteElo "1852"]
[BlackElo "1981"]
[PlyCount "106"]
[EventDate "2014.08.16"]
[EventType "swiss"]
[EventRounds "9"]
[EventCountry "GER"]
[SourceTitle "CBM 161 Extra"]
[Source "ChessBase"]
[SourceDate "2014.08.29"]
[SourceVersion "1"]
[SourceVersionDate "2014.08.29"]
[SourceQuality "1"]

1. e4 c5 2. Nc3 Nc6 3. f4 g6 4. Nf3 Bg7 5. Be2 e6 6. 0-0 Nge7 7. Qe1 0-0 8. d3 f5 9. Be3 b6 10. a3 d5 11. Bd2 h6 12. e5 d4 13. Nb5 Ba6 14. a4 Nd5 15. Bd1 Nce7 16. c4 dxc3 17. bxc3 Bxb5 18. axb5 Nc7 19. d4 Nxb5 20. dxc5 bxc5 21. Be3 c4 22. Nd4 Nxd4 23. Bxd4 Nd5 24. Rxa7 Rxa7 25. Bxa7 Qa5 26. Bd4 Rb8 27. Qg3 Kf7 28. Be2 Qa2 29. Bf3 Rb5 30. h4 h5 31. Qg5 Qa5 32. Be2 Qc7 33. Rf3 Rb2 34. Bf1 Rb1 35. Kh2 Rc1 36. Qg3 Bh6 37. Qf2 Qc6 38. Qb2 Re1 39. g3 Bf8 40. Qa2 Nxc3 41. Qa7+ Kg8 42. Bg2 Re2 43. Kh3 Ne4 44. Kh2 c3 45. Qa1 c2 46. Qc1 Qd5 47. Bb2 Qd2 48. Qxd2 Rxd2 49. Rf1 Bb4 50. Kg1 Bc5+ 51. Kh2 Nf2 52. Rc1 Nd3 53. Ra1 Nxb2 0-1

[Event "Berlin op 08"]
[Site "Berlin"]
[Date "2006.08.23"]
[Round "5"]
[White "Strehlow, Horst"]
[Black "Schmidt, David"]
[Result "1/2-1/2"]
[WhiteElo "1971"]
[BlackElo "1891"]
[PlyCount "75"]
[EventDate "2006.08.19"]
[EventType "swiss"]
[EventRounds "9"]
[EventCountry "GER"]
[SourceTitle "EXT 2007"]
[Source "ChessBase"]
[SourceDate "2006.11.23"]
[SourceVersion "1"]
[SourceVersionDate "2006.11.23"]
[SourceQuality "1"]

1. e4 c5 2. Nf3 d6 3. d4 cxd4 4. Nxd4 Nf6 5. Nc3 g6 6. f3 Bg7 7. Be3 Nc6 8. Qd2 0-0 9. 0-0-0 Nxd4 10. Bxd4 Be6 11. Kb1 Qc7 12. h4 Rfc8 13. h5 Qa5 14. hxg6 hxg6 15. a3 Rab8 16. Ne2 Qxd2 17. Rxd2 a6 18. Nf4 Bc4 19. Nd5 Nxd5 20. Bxc4 Rxc4 21. Bxg7 Kxg7 22. Rxd5 Rh8 23. Rxh8 Kxh8 24. b3 Rc5 25. c4 Kg7 26. Kb2 Kf6 27. Kc3 Rc8 28. b4 Ke6 29. Kb3 b6 30. a4 Kd7 31. e5 Kc7 32. a5 dxe5 33. axb6+ Kxb6 34. Rxe5 e6 35. c5+ Kb5 36. Re4 a5 37. bxa5 Rxc5 38. g4 1/2-1/2

[Event "GER-chT U12"]
[Site "Verden an der Aller"]
[Date "2002.12.29"]
[Round "5.2"]
[White "Hofmann, Benjamin"]
[Black "Schmidt, David"]
[Result "1-0"]
[WhiteElo "1573"]
[BlackElo "1524"]
[PlyCount "85"]
[EventDate "2002.12.27"]
[EventType "team-tourn"]
[EventRounds "7"]
[EventCountry "GER"]
[SourceTitle "CBM 092 Extra"]
[Source "ChessBase"]
[SourceDate "2003.03.07"]
[SourceVersion "1"]
[SourceVersionDate "2003.03.07"]
[SourceQuality "1"]

1. e4 d5 2. exd5 Qxd5 3. Nc3 Qa5 4. d4 c6 5. Nf3 Nf6 6. Bc4 Bf5 7. Qe2 e6 8. Bd2 Be7 9. Nd5 Qd8 10. Nxe7 Qxe7 11. Bd3 Bxd3 12. Qxd3 Nbd7 13. 0-0 0-0 14. Qb3 Nb6 15. Bb4 Qc7 16. Bxf8 Rxf8 17. c4 a6 18. Rac1 Rd8 19. Rfd1 h6 20. Qc2 g6 21. b4 Rc8 22. Qd2 Kg7 23. b5 Nbd7 24. bxa6 bxa6 25. Qe2 Ng4 26. h3 Ngf6 27. Qe3 Qa5 28. Qd2 Qf5 29. Qd3 Qa5 30. Qc2 h5 31. Re1 g5 32. Ne5 Rh8 33. Nxc6 Qb6 34. Ne5 Qxd4 35. Rcd1 Qa7 36. Nxd7 Nxd7 37. Qd2 g4 38. Qxd7 Qb8 39. Qd4+ Kg8 40. Qd8+ Qxd8 41. Rxd8+ Kg7 42. Rxh8 Kxh8 43. c5 1-0

[Event "IECG Q3.2000.0.00090"]
[Site "IECG email"]
[Date "2000.10.19"]
[Round "?"]
[White "Schmidt, David"]
[Black "Hopf, Werner"]
[Result "0-1"]
[WhiteElo "1307"]
[BlackElo "1054"]
[PlyCount "64"]
[EventDate "2000.10.19"]
[EventType "tourn (corr)"]
[EventRounds "6"]
[SourceTitle "Corr 2008"]
[Source "ChessBase"]
[SourceDate "2008.06.24"]
[SourceVersion "1"]
[SourceVersionDate "2008.06.24"]
[SourceQuality "1"]

1. d4 d5 2. e3 Nf6 3. Bd3 Nc6 4. c3 e5 5. Bb5 Bd6 6. dxe5 Bxe5 7. Nf3 Bd6 8. 0-0 0-0 9. Nbd2 Bg4 10. Bxc6 bxc6 11. Qc2 c5 12. h3 Bh5 13. a4 Qd7 14. b3 Rfe8 15. Bb2 Ne4 16. Nxe4 dxe4 17. Ng5 Bg6 18. c4 h6 19. Qc3 Be5 20. Qc2 Bxb2 21. Rad1 Bd4 22. exd4 cxd4 23. Nxf7 Bxf7 24. Rfe1 d3 25. Qd2 Rab8 26. Rb1 Bh5 27. g4 Bxg4 28. hxg4 Qxg4+ 29. Kf1 Qf3 30. Kg1 Rb6 31. Qe3 Rg6+ 32. Kf1 Qh1# 0-1

[Event "IECC CL5-2000.32"]
[Site "IECC email"]
[Date "2000.10.16"]
[Round "?"]
[White "Cross, Andrew"]
[Black "Schmidt, David"]
[Result "1-0"]
[WhiteElo "1590"]
[BlackElo "1496"]
[PlyCount "37"]
[EventDate "2000.??.??"]
[EventType "tourn (corr)"]
[EventRounds "4"]
[SourceTitle "Corr 2008"]
[Source "ChessBase"]
[SourceDate "2008.06.24"]
[SourceVersion "1"]
[SourceVersionDate "2008.06.24"]
[SourceQuality "1"]

1. e4 b6 2. d4 Bb7 3. Bd3 e6 4. Nf3 Nf6 5. Qe2 Be7 6. 0-0 d6 7. c4 c6 8. Nc3 0-0 9. Rd1 c5 10. e5 Nfd7 11. exd6 Bxd6 12. Ng5 Nf6 13. dxc5 bxc5 14. Nce4 Nc6 15. Nxf6+ Qxf6 16. Bxh7+ Kh8 17. Qh5 Bf4 18. Bg6+ Kg8 19. Qh7# 1-0

[Event "Passau op 8th"]
[Site "Passau"]
[Date "2000.04.21"]
[Round "1"]
[White "Liebert, Heinz"]
[Black "Schmidt, David"]
[Result "1-0"]
[WhiteElo "2339"]
[BlackElo "1907"]
[PlyCount "41"]
[EventDate "2000.04.21"]
[EventType "swiss"]
[EventRounds "7"]
[EventCountry "GER"]
[SourceTitle "CBM 076 Extra"]
[Source "ChessBase"]
[SourceDate "2000.07.11"]
[SourceVersion "1"]
[SourceVersionDate "2000.07.11"]
[SourceQuality "1"]

1. c4 c5 2. Nf3 Nc6 3. Nc3 e6 4. g3 Nf6 5. Bg2 Be7 6. 0-0 0-0 7. d4 cxd4 8. Nxd4 a6 9. b3 Qc7 10. Bb2 Nxd4 11. Qxd4 Rb8 12. Rac1 b6 13. e4 d6 14. Rfd1 Rd8 15. h3 Bb7 16. Qe3 Bc6 17. Nd5 Qa7 18. Nxe7+ Qxe7 19. e5 Bxg2 20. exf6 Qb7 21. Qg5 1-0